| 000 | 00506nam a2200169 4500 | ||
|---|---|---|---|
| 001 | 116189 | ||
| 003 | ES-MaACL | ||
| 005 | 20230906190644.0 | ||
| 007 | t| | ||
| 008 | 061121s1969 sp r ||||1| spa d | ||
| 100 | 1 |
_aOrwell, George. _987703 |
|
| 245 | 1 | 0 |
_aRebelión en la granja / _cGeorge Orwell ; traducción del inglés Abraham Scheps. |
| 260 |
_aBarcelona : _bPlaneta, _c1969. |
||
| 300 |
_a223 p. : _bil. ; _c19 cm. |
||
| 700 | 1 |
_aScheps, Abraham. _9104305 |
|
| 852 |
_aES-MaACL _jC-46349 _bR.71225 |
||
| 999 |
_c116189 _d116189 |
||